| 000 | 00543nam a2200181Ia 4500 | ||
|---|---|---|---|
| 999 |
_c1801 _d1801 |
||
| 003 | OSt | ||
| 005 | 20221108150219.0 | ||
| 008 | 190216s9999||||xx |||||||||||||| ||und|| | ||
| 020 | _a9788131509098 | ||
| 040 | _coclc | ||
| 082 |
_a574.5 _bMIL/T |
||
| 100 | 1 |
_aMiller, G. Tyler _q(George Tyler), _d1931- _95000 |
|
| 245 | 0 |
_aTextbook Of Ecology / _cG Tyler Miller ; Scott E Spoolman |
|
| 260 |
_bCengage Learning, _c2009. _aNew Delhi: |
||
| 300 | _a304p | ||
| 650 | _aBotany | ||
| 942 |
_cBK _2ddc _h574.5 _iMIL/T _k574.5 _mMIL/T |
||